Juvenile delinquency : (Record no. 90567)

MARC details
000 -LEADER
fixed length control field 00629nam a22001937a 4500
005 - DATE AND TIME OF LATEST TRANSACTION
control field 20150106170927.0
010 ## - LCCN (DPL NO)
LC control number ENG-111508
020 ## - INTERNATIONAL STANDARD BOOK NUMBER
International Standard Book Number 9788174878731
Terms of availability 295.00
020 ## - INTERNATIONAL STANDARD BOOK NUMBER
International Standard Book Number 8174878734
Terms of availability 295.00
035 ## - SYSTEM CONTROL NUMBER
System control number EN-95040
037 ## - SOURCE OF ACQUISITION
Source of stock number/acquisition DBAD/PUB
082 ## - DEWEY DECIMAL CLASSIFICATION NUMBER
Classification number 364.36
100 ## - MAIN ENTRY--PERSONAL NAME
Personal name Madhuker S.
245 ## - TITLE STATEMENT
Title Juvenile delinquency :
Statement of responsibility, etc by Madhuker S.
Remainder of title hits & misses of cut-off age prescription for male juvenile delinquent /
260 ## - PUBLICATION, DISTRIBUTION, ETC. (IMPRINT)
Place of publication, distribution, etc New Delhi
Name of publisher, distributor, etc Radha Publications
Date of publication, distribution, etc 2013
270 ## - ADDRESS
Address 4231/1,Ansari Road,Daryaganj
City New Delhi
Postal code 110002
300 ## - PHYSICAL DESCRIPTION
Extent 110p. :
Other physical details ill.
Dimensions 22cm(Hb)
942 ## - ADDED ENTRY ELEMENTS (KOHA)
Source of classification or shelving scheme Dewey Decimal Classification
Item type English Books
Call number suffix MAD
Classification part 364.36
Holdings
Withdrawn status Lost status Not for loan Collection code Home library Current library Date acquired Source of acquisition Cost, normal purchase price Full call number Barcode Copy number Cost, replacement price Koha item type
    Not For Loan Non-fiction D.B.Act.Division D.B.Act.Division 06/01/2015 DBAD / PUB 295.00 364.36 MAD EN-95040 1 295.00 English Books

© Delhi Public Library
Hit Counter
free hit counter